| 000 | 00584nam a2200217Ia 4500 | ||
|---|---|---|---|
| 005 | 20250508162753.0 | ||
| 008 | 008 250505s9999 xx 000 0 eng d | ||
| 020 | _a81-214-0426-6 | ||
| 037 | _aTextual | ||
| 040 |
_aFEDL _beng _cFEDL |
||
| 041 |
_aeng _2eng |
||
| 084 |
_a126, AGR _qFEDL |
||
| 100 | _aAgrawal M M | ||
| 245 | 0 | _aConsciousness and integrated being | |
| 260 |
_aShimla, India _bIndian Institute of Advanced Study _c1991 |
||
| 300 | _a106p | ||
| 365 |
_aINR _b100 |
||
| 650 | _aPhilosophy | ||
| 942 |
_cTEXL _h126, AGR |
||
| 999 |
_c1378606 _d1378606 |
||